00333 a2200121 450000100060000010000190000624500170002526000260004209000170006894200230008599900190010895200840012745214 aparkinson L.R aAerodynamics aNew YorkbMacmillanc c28403d28403 aNUST-CAEcMc20451 c280287d280287 001040708NFICaCAEbCAEd2017-04-03l0pCAE39075r2017-04-05w2017-04-05yBK